000 01344naa a22003017a 4500
001 BR8707671
003 BR-BrBNA
005 20250721154532.0
007 ta
008 250630b bl.|||m| |||| 00| 0 por d
040 _aBR-BrBNA
_bpor
_cBiblioteca Nacional de Agricultura
041 _a(Pt)
072 _aH20
_b1112
_b4110
_bG514
090 _aH20 BR8707671
100 1 _aMendes, M. das D.
111 1 _aSeminario sobre "Moko" da Bananeira
_cManaus, AM (Brazil)
_d28-30 Aug 1986
245 1 _aSituacao do "Moko" na Regiao Amazonica segundo relato dos representantes da DFAs; situacao do "Moko" no Estado do Acre
246 1 _a[Bananas' wilt in the amazonic region according to report of representants of the Federal Delegacies of Agriculture; its situation in the state of Acre]
246 1 _a[Annals of the Symposium about wilts in bananas]
500 _aAnais do Simposio sobre "Moko" da Bananeira Cruz das Almas, BA (Brasil): 1986. p. 41 (BR8707671-AMS)
773 0 _tAnais do Simposio sobre "Moko" da Bananeira
_wH20 BR8707671
_gCruz das Almas, BA (Brasil), 1986. p. 41
650 _aBANANA
650 _aMURCHA BACTERIANA
650 _aACRE
490 _aDocumentos - Centro Nacional de Pesquisa de Mandioca e Fruticultura (Brazil)
_vno. 19
_xISSN 0101-7411
942 _cAMS
_2AGRIS
909 _a202506
_bLúcia
_c55
_dLúcia Elande
999 _c335460
_d335460